[Event "POL-chT3 Slaskie"]
[Site "Poland"]
[Date "2008.03.02"]
[Round "6.34"]
[White "Zawierucha, Aleksander"]
[Black "Ozog, Leon"]
[Result "1-0"]
[WhiteElo "2057"]
[BlackElo "2141"]
[PlyCount "69"]
[EventDate "2008.02.03"]
[EventType "team-swiss"]
[EventRounds "9"]
[EventCountry "POL"]
[SourceTitle "EXT 2019"]
[Source "ChessBase"]
[SourceDate "2018.10.10"]
[SourceVersion "1"]
[SourceVersionDate "2018.10.10"]
[SourceQuality "1"]

1. d4 Nf6 2. c4 d6 3. Nf3 c6 4. Nc3 g6 5. e4 Bg7 6. Be2 0-0 7. 0-0 Bg4 8. Be3 Nbd7 9. Nd2 Bxe2 10. Qxe2 e5 11. d5 c5 12. Rfb1 Ne8 13. a3 f5 14. f3 f4 15. Bf2 h5 16. b4 b6 17. bxc5 dxc5 18. a4 Nd6 19. Nb5 Nxb5 20. axb5 a5 21. bxa6 Qc8 22. Qd1 Rxa6 23. Rxa6 Qxa6 24. Ra1 Qb7 25. Qa4 Rb8 26. Qb5 Bf8 27. Bh4 Bd6 28. h3 Kf7 29. Ra6 Nf6 30. Nb3 Ne8 31. Kh2 Be7 32. Bxe7 Qxe7 33. Qc6 Qg5 34. Ra1 Kf8 35. Rd1 1-0

[Event "POL-chT 2nd League"]
[Site "Lublin"]
[Date "2006.09.03"]
[Round "2.50"]
[White "Ozog, Leon"]
[Black "Talla, Vladimir"]
[Result "0-1"]
[WhiteElo "2189"]
[BlackElo "2426"]
[PlyCount "56"]
[EventDate "2006.09.02"]
[EventType "team-swiss"]
[EventRounds "9"]
[EventCountry "POL"]
[SourceTitle "EXT 2019"]
[Source "ChessBase"]
[SourceDate "2018.10.10"]
[SourceVersion "1"]
[SourceVersionDate "2018.10.10"]
[SourceQuality "1"]
[WhiteTeam "Gliwice Roszada"]
[BlackTeam "Legnica Miedz"]
[WhiteTeamCountry "POL"]
[BlackTeamCountry "POL"]

1. e4 c5 2. Nc3 Nc6 3. g3 g6 4. Bg2 Bg7 5. f4 d6 6. d3 Nf6 7. Nf3 0-0 8. 0-0 Rb8 9. h3 b5 10. g4 b4 11. Ne2 c4 12. f5 Ba6 13. Nf4 cxd3 14. cxd3 Nd7 15. Rf2 Nc5 16. Be3 Qa5 17. h4 e6 18. Ne1 Nd4 19. Nh5 Be5 20. g5 exf5 21. exf5 gxh5 22. Qxh5 Bb7 23. g6 fxg6 24. fxg6 Qc7 25. Rxf8+ Rxf8 26. Qxh7+ Qxh7 27. gxh7+ Kxh7 28. Rc1 Ne2+ 0-1

[Event "POL-chT 2nd League"]
[Site "Polanica Zdroj"]
[Date "2004.09.10"]
[Round "9"]
[White "Ozog, Leon"]
[Black "Mielczarski, Miroslaw"]
[Result "0-1"]
[WhiteElo "2182"]
[BlackElo "2256"]
[PlyCount "66"]
[EventDate "2004.09.04"]
[EventType "team-swiss"]
[EventRounds "11"]
[EventCountry "POL"]
[SourceTitle "CBM 102 Extra"]
[Source "ChessBase"]
[SourceDate "2004.11.03"]
[SourceVersion "1"]
[SourceVersionDate "2004.11.03"]
[SourceQuality "1"]
[WhiteTeam "Bytom Szombierki"]
[BlackTeam "Koszalin Hetman Politechnika"]
[WhiteTeamCountry "POL"]
[BlackTeamCountry "POL"]

1. e4 c5 2. Nc3 Nc6 3. g3 g6 4. Bg2 Bg7 5. d3 d6 6. f4 e6 7. Nf3 Nge7 8. 0-0 0-0 9. Be3 Nd4 10. e5 Nef5 11. Bf2 d5 12. g4 Nxf3+ 13. Bxf3 Nd4 14. Bg2 f6 15. exf6 Qxf6 16. Bg3 Bd7 17. Rb1 b5 18. Ne2 Nc6 19. c3 Kh8 20. Kh1 Rac8 21. a3 d4 22. a4 a6 23. axb5 axb5 24. Qe1 Rfe8 25. Bh4 Qf7 26. Ng3 dxc3 27. bxc3 b4 28. c4 Nd4 29. Ne4 Qf8 30. Bg3 Ra8 31. Qf2 Ra3 32. f5 exf5 33. Bd6 Qg8 0-1

[Event "POL-chT 2nd League"]
[Site "Polanica Zdroj"]
[Date "2004.09.09"]
[Round "7"]
[White "Prus, Marek"]
[Black "Ozog, Leon"]
[Result "0-1"]
[WhiteElo "1937"]
[BlackElo "2182"]
[PlyCount "56"]
[EventDate "2004.09.04"]
[EventType "team-swiss"]
[EventRounds "11"]
[EventCountry "POL"]
[SourceTitle "CBM 102 Extra"]
[Source "ChessBase"]
[SourceDate "2004.11.03"]
[SourceVersion "1"]
[SourceVersionDate "2004.11.03"]
[SourceQuality "1"]
[WhiteTeam "Warszawa YMCA"]
[BlackTeam "Bytom Szombierki"]
[WhiteTeamCountry "POL"]
[BlackTeamCountry "POL"]

1. e4 d6 2. d4 Nf6 3. Nc3 c6 4. f3 Qc7 5. Be3 e5 6. dxe5 dxe5 7. Bc4 b5 8. Bb3 Bb4 9. a3 Ba5 10. Bc5 Nbd7 11. Qd6 Nxc5 12. Qxc5 Bb6 13. Nxb5 cxb5 14. Qxb5+ Bd7 15. Qc4 Qxc4 16. Bxc4 Rc8 17. Bd3 Bd4 18. 0-0-0 Rb8 19. b3 Ke7 20. Kd2 Be6 21. Ne2 Bb2 22. a4 Rhd8 23. Rb1 Ba3 24. Rhd1 Nd7 25. c4 Bb4+ 26. Kc2 Nc5 27. Nc3 Bxc3 28. Kxc3 a5 0-1

[Event "POL-chT 2nd League"]
[Site "Polanica Zdroj"]
[Date "2004.09.05"]
[Round "2"]
[White "Plicner, Justyna"]
[Black "Ozog, Leon"]
[Result "0-1"]
[WhiteElo "1800"]
[BlackElo "2182"]
[PlyCount "68"]
[EventDate "2004.09.04"]
[EventType "team-swiss"]
[EventRounds "11"]
[EventCountry "POL"]
[SourceTitle "CBM 102 Extra"]
[Source "ChessBase"]
[SourceDate "2004.11.03"]
[SourceVersion "1"]
[SourceVersionDate "2004.11.03"]
[SourceQuality "1"]
[WhiteTeam "Kielce Fart"]
[BlackTeam "Bytom Szombierki"]
[WhiteTeamCountry "POL"]
[BlackTeamCountry "POL"]

1. d4 d6 2. Nf3 Nf6 3. e3 Bg4 4. Nbd2 Nbd7 5. e4 c6 6. c4 e5 7. d5 Be7 8. Bd3 0-0 9. 0-0 h6 10. b4 Nh7 11. Qc2 Qc7 12. h3 Bh5 13. a4 Bg6 14. g4 h5 15. Kg2 hxg4 16. hxg4 Ndf6 17. Nh2 cxd5 18. exd5 Nxd5 19. Bxg6 Nf4+ 20. Kg1 Nxg6 21. Qb3 Ng5 22. f3 Nf4 23. Ne4 Ngh3+ 24. Kh1 Rac8 25. Bxf4 Nxf4 26. Rac1 Ne2 27. Qd3 Nxc1 28. Rxc1 Rfd8 29. Rc3 Qb6 30. b5 Qd4 31. Nd2 d5 32. Qxd4 exd4 33. Rc2 d3 34. Rc1 dxc4 0-1

[Event "POL-chT 2nd League"]
[Site "Wysowa"]
[Date "2003.09.12"]
[Round "9"]
[White "Ozog, Leon"]
[Black "Szromba, Krzysztof"]
[Result "0-1"]
[WhiteElo "2193"]
[BlackElo "2172"]
[PlyCount "76"]
[EventDate "2003.09.06"]
[EventType "team-swiss"]
[EventRounds "11"]
[EventCountry "POL"]
[SourceTitle "CBM 096 Extra"]
[Source "ChessBase"]
[SourceDate "2003.10.22"]
[SourceVersion "2"]
[SourceVersionDate "2003.10.20"]
[SourceQuality "1"]
[WhiteTeam "Bytom Szombierki"]
[BlackTeam "Krakow Korona"]
[WhiteTeamCountry "POL"]
[BlackTeamCountry "POL"]

1. e4 c5 2. Nc3 Nc6 3. g3 g6 4. Bg2 Bg7 5. d3 d6 6. f4 e6 7. Nf3 Nge7 8. 0-0 0-0 9. Be3 Nd4 10. e5 Nef5 11. Bf2 Nxf3+ 12. Qxf3 Nd4 13. Qd1 dxe5 14. fxe5 Bxe5 15. Ne4 f5 16. Nxc5 Qc7 17. b4 Bg7 18. c3 Nb5 19. Rc1 e5 20. Qf3 Rd8 21. a4 Nd6 22. Be3 Nf7 23. a5 Rb8 24. Rfd1 b6 25. axb6 axb6 26. Na4 Bb7 27. Qf2 Bxg2 28. Qxg2 Bh6 29. Bxh6 Nxh6 30. h3 Rd6 31. c4 Qd7 32. Nb2 Rd4 33. Ra1 Rd8 34. Ra6 b5 35. cxb5 Rxb4 36. Nc4 Rxc4 37. Ra2 Qd4+ 38. Kf1 Qd5 0-1

[Event "POL-chT 2nd League"]
[Site "Wysowa"]
[Date "2003.09.10"]
[Round "7"]
[White "Stefanek, Piotr"]
[Black "Ozog, Leon"]
[Result "1/2-1/2"]
[WhiteElo "2230"]
[BlackElo "2193"]
[PlyCount "25"]
[EventDate "2003.09.06"]
[EventType "team-swiss"]
[EventRounds "11"]
[EventCountry "POL"]
[SourceTitle "CBM 096 Extra"]
[Source "ChessBase"]
[SourceDate "2003.10.22"]
[SourceVersion "2"]
[SourceVersionDate "2003.10.20"]
[SourceQuality "1"]
[WhiteTeam "Gliwice Politechnika Slaska"]
[BlackTeam "Bytom Szombierki"]
[WhiteTeamCountry "POL"]
[BlackTeamCountry "POL"]

1. e4 d6 2. d4 g6 3. Nc3 Bg7 4. g3 Nf6 5. Bg2 0-0 6. Nge2 e5 7. 0-0 Nc6 8. d5 Ne7 9. Na4 Nh5 10. c4 f5 11. exf5 gxf5 12. f4 Ng6 13. Bf3 1/2-1/2

[Event "POL-chT 2nd League"]
[Site "Wysowa"]
[Date "2003.09.09"]
[Round "5"]
[White "Szwier, Eugeniusz"]
[Black "Ozog, Leon"]
[Result "1-0"]
[WhiteElo "2237"]
[BlackElo "2193"]
[PlyCount "97"]
[EventDate "2003.09.06"]
[EventType "team-swiss"]
[EventRounds "11"]
[EventCountry "POL"]
[SourceTitle "CBM 096 Extra"]
[Source "ChessBase"]
[SourceDate "2003.10.22"]
[SourceVersion "2"]
[SourceVersionDate "2003.10.20"]
[SourceQuality "1"]
[WhiteTeam "Milanowek UKS Jedwabnik"]
[BlackTeam "Bytom Szombierki"]
[WhiteTeamCountry "POL"]
[BlackTeamCountry "POL"]

1. d4 d6 2. c4 Nf6 3. Nf3 Bg4 4. Qb3 Qc8 5. Bg5 Nbd7 6. Nbd2 c6 7. h3 Bh5 8. e3 e6 9. Bd3 Be7 10. Qc2 Qc7 11. Bf4 e5 12. Bh2 Bg6 13. Bxg6 hxg6 14. c5 Qa5 15. b4 Qxb4 16. cxd6 Bxd6 17. dxe5 Bxe5 18. Nxe5 Nxe5 19. Bxe5 Qe7 20. Bxf6 Qxf6 21. Rb1 b6 22. Qe4+ Kf8 23. 0-0 Rh4 24. Qf3 Rd8 25. Rfd1 Ra4 26. Qxf6 gxf6 27. Rb2 c5 28. Rc1 Ke7 29. Rcc2 Kd7 30. Kf1 Kc6 31. Ke2 a6 32. Nb3 c4 33. Nd4+ Kc5 34. Rb1 b5 35. g3 b4 36. Rbc1 c3 37. Kd3 a5 38. Rb1 Ra3 39. Rb3 Ra4 40. h4 f5 41. Rb1 Ra3 42. h5 Rh8 43. Rh1 Kd5 44. hxg6 Rf8 45. g7 Rg8 46. Nxf5 Ke5 47. Rh8 Rxg7 48. Nxg7 a4 49. Rb8 1-0

[Event "POL-chT 2nd League"]
[Site "Wysowa"]
[Date "2003.09.07"]
[Round "2"]
[White "Rybak, Tomasz"]
[Black "Ozog, Leon"]
[Result "0-1"]
[WhiteElo "2222"]
[BlackElo "2193"]
[PlyCount "40"]
[EventDate "2003.09.06"]
[EventType "team-swiss"]
[EventRounds "11"]
[EventCountry "POL"]
[SourceTitle "CBM 096 Extra"]
[Source "ChessBase"]
[SourceDate "2003.10.22"]
[SourceVersion "2"]
[SourceVersionDate "2003.10.20"]
[SourceQuality "1"]
[WhiteTeam "Swiecie Gambit"]
[BlackTeam "Bytom Szombierki"]
[WhiteTeamCountry "POL"]
[BlackTeamCountry "POL"]

1. e4 d6 2. d4 Nf6 3. Bd3 c6 4. c3 e5 5. f4 Qb6 6. fxe5 dxe5 7. Nf3 exd4 8. cxd4 Bg4 9. Bc2 Nbd7 10. 0-0 Ne5 11. b3 0-0-0 12. Be3 Nxf3+ 13. gxf3 Bh3 14. Re1 Bc5 15. dxc5 Rxd1 16. Rxd1 Qc7 17. Rd6 Rd8 18. Rxd8+ Qxd8 19. Nc3 Ng4 20. fxg4 Qf6 0-1

[Event "POL-ch sf U20"]
[Site "Poraj"]
[Date "2003.??.??"]
[Round "2"]
[White "Janocha, Wieslaw Adam"]
[Black "Ozog, Leon"]
[Result "1-0"]
[WhiteElo "2271"]
[BlackElo "2150"]
[PlyCount "61"]
[EventDate "2003.??.??"]
[EventType "swiss"]
[EventRounds "9"]
[EventCountry "POL"]
[SourceTitle "EXT 2005"]
[Source "ChessBase"]
[SourceDate "2004.11.15"]
[SourceVersion "1"]
[SourceVersionDate "2004.11.15"]
[SourceQuality "1"]

1. d4 d6 2. e4 Nf6 3. Nc3 c6 4. f4 Qa5 5. Bd3 e5 6. dxe5 dxe5 7. Nf3 Nbd7 8. 0-0 Ng4 9. Kh1 Bc5 10. Qe2 b5 11. a4 b4 12. Nd1 Qc7 13. a5 Bd6 14. f5 h6 15. Bc4 Nc5 16. g3 Nf6 17. Nf2 Nb7 18. a6 Na5 19. Rxa5 Qxa5 20. b3 Qc7 21. Bb2 0-0 22. g4 Bd7 23. Rg1 Rad8 24. g5 hxg5 25. Nxg5 Bc5 26. Ng4 Bxg1 27. Nxf6+ gxf6 28. Qh5 fxg5 29. Qg6+ Kh8 30. Qh6+ Kg8 31. f6 1-0

[Event "POL-ch sf U20"]
[Site "Poraj"]
[Date "2003.??.??"]
[Round "4"]
[White "Ozog, Leon"]
[Black "Sawicki, Mikolaj"]
[Result "1-0"]
[WhiteElo "2150"]
[BlackElo "2085"]
[PlyCount "127"]
[EventDate "2003.??.??"]
[EventType "swiss"]
[EventRounds "9"]
[EventCountry "POL"]
[SourceTitle "EXT 2005"]
[Source "ChessBase"]
[SourceDate "2004.11.15"]
[SourceVersion "1"]
[SourceVersionDate "2004.11.15"]
[SourceQuality "1"]

1. e4 d5 2. exd5 Qxd5 3. Nc3 Qa5 4. Nf3 Nf6 5. Be2 Bg4 6. 0-0 e6 7. d3 Nbd7 8. Bd2 c6 9. Ng5 Bxe2 10. Qxe2 Be7 11. Nce4 Qf5 12. Ng3 Qe5 13. Qxe5 Nxe5 14. Rae1 Ng6 15. f4 h6 16. N5e4 0-0-0 17. f5 Nxe4 18. Rxe4 exf5 19. Nxf5 Bf6 20. Bc3 Bxc3 21. bxc3 Rhg8 22. c4 Rd7 23. c5 f6 24. d4 b6 25. Rg4 Ne7 26. Nxe7+ Rxe7 27. Rxf6 gxf6 28. Rxg8+ Kb7 29. cxb6 Kxb6 30. Rb8+ Kc7 31. Rh8 Re2 32. Rxh6 Rxc2 33. Rxf6 Rxa2 34. Rf2 Ra4 35. Rd2 a5 36. h4 Kd6 37. h5 Ke6 38. Rc2 Rxd4 39. Rxc6+ Kf7 40. Ra6 a4 41. Kf2 Kg7 42. Kf3 Rd3+ 43. Kf4 Rd4+ 44. Kg5 Rd5+ 45. Kh4 Rd4+ 46. g4 Rb4 47. h6+ Kh7 48. Kh5 Rc4 49. g5 Rc5 50. Rxa4 Rb5 51. Ra7+ Kg8 52. Rg7+ Kh8 53. Rg6 Kh7 54. Rf6 Ra5 55. Rf7+ Kg8 56. Re7 Kh8 57. Kg6 Ra6+ 58. Kf5 Ra5+ 59. Re5 Ra1 60. Kf6 Ra6+ 61. Re6 Ra1 62. Re8+ Kh7 63. g6+ Kxh6 64. Rh8# 1-0

[Event "POL-ch sf U20"]
[Site "Poraj"]
[Date "2003.??.??"]
[Round "1"]
[White "Ozog, Leon"]
[Black "Slaby, Jerzy"]
[Result "1/2-1/2"]
[WhiteElo "2150"]
[BlackElo "2363"]
[PlyCount "80"]
[EventDate "2003.??.??"]
[EventType "swiss"]
[EventRounds "9"]
[EventCountry "POL"]
[SourceTitle "EXT 2005"]
[Source "ChessBase"]
[SourceDate "2004.11.15"]
[SourceVersion "1"]
[SourceVersionDate "2004.11.15"]
[SourceQuality "1"]

1. e4 c5 2. Nc3 g6 3. g3 Bg7 4. Bg2 Nc6 5. d3 Rb8 6. f4 b5 7. Nf3 b4 8. Ne2 d6 9. 0-0 Nd4 10. h3 e5 11. Nexd4 cxd4 12. f5 d5 13. exd5 Bxf5 14. g4 Bc8 15. Qe2 Ne7 16. Nxe5 0-0 17. Nc6 Nxc6 18. dxc6 Be6 19. c7 Qxc7 20. Bf4 Qc5 21. Bxb8 Rxb8 22. a3 bxa3 23. Rxa3 Rxb2 24. Ra6 Rxc2 25. Qe4 Qe5 26. Rxa7 Qxe4 27. Bxe4 Bh6 28. Ra5 Be3+ 29. Kh1 Rd2 30. Bd5 Bxd5+ 31. Rxd5 Bf2 32. Rd7 h5 33. gxh5 gxh5 34. Kg2 Bh4+ 35. Kf3 Rxd3+ 36. Ke4 Re3+ 37. Kxd4 Rxh3 38. Rfxf7 Rg3 39. Rh7 Bf6+ 40. Ke4 Rg7 1/2-1/2

[Event "POL-chT3"]
[Site "Poland"]
[Date "2002.??.??"]
[Round "?"]
[White "Ciesielski, Janusz"]
[Black "Ozog, Leon"]
[Result "1-0"]
[WhiteElo "2060"]
[BlackElo "2116"]
[PlyCount "67"]
[EventDate "2002.??.??"]
[EventType "team"]
[EventRounds "9"]
[EventCountry "POL"]
[SourceTitle "EXT 2006"]
[Source "ChessBase"]
[SourceDate "2005.11.24"]
[SourceVersion "1"]
[SourceVersionDate "2005.11.24"]
[SourceQuality "1"]

1. e4 d6 2. d4 Nf6 3. Nc3 c6 4. Nf3 Qa5 5. Bd3 e5 6. 0-0 Bg4 7. dxe5 dxe5 8. h3 Bh5 9. Bd2 Qc7 10. Ne2 Bxf3 11. gxf3 Nh5 12. Qc1 Bd6 13. Ng3 Nf4 14. Kh2 g6 15. Rg1 Nd7 16. Ne2 Nxd3 17. cxd3 Nc5 18. Qc4 Ne6 19. b4 0-0 20. Rac1 Qd7 21. Rg4 f5 22. Rg3 Rf7 23. Rcg1 Ng7 24. Bh6 Nh5 25. Rg5 Kh8 26. Qc3 Qe6 27. f4 Re8 28. R5g2 Kg8 29. Ng3 Nxf4 30. exf5 Rxf5 31. Nxf5 Qxf5 32. Bxf4 Qxf4+ 33. Kh1 e4 34. Rxg6+ 1-0

[Event "POL-chT 58th 2nd League"]
[Site "Wisla"]
[Date "2002.??.??"]
[Round "?"]
[White "Jagodzinski, Waldemar"]
[Black "Ozog, Leon"]
[Result "1-0"]
[WhiteElo "2233"]
[BlackElo "2116"]
[PlyCount "40"]
[EventDate "2002.08.30"]
[EventType "team-swiss"]
[EventRounds "11"]
[EventCountry "POL"]
[SourceTitle "EXT 2019"]
[Source "ChessBase"]
[SourceDate "2018.10.10"]
[SourceVersion "1"]
[SourceVersionDate "2018.10.10"]
[SourceQuality "1"]
[WhiteTeam "Znin Baszta"]
[WhiteTeamCountry "POL"]

1. d4 Nf6 2. Nf3 d6 3. c4 c6 4. Nc3 Bg4 5. e4 Nbd7 6. Be2 Qa5 7. 0-0 e5 8. a3 Be7 9. Be3 0-0 10. Qc2 a6 11. h3 Bxf3 12. Bxf3 Rac8 13. b4 Qc7 14. dxe5 Nxe5 15. Be2 b5 16. Qb3 Qb7 17. Rac1 Rfd8 18. cxb5 axb5 19. f4 Ng6 20. g3 Qd7 1-0

[Event "POL-chT 58th 2nd League"]
[Site "Wisla"]
[Date "2002.??.??"]
[Round "?"]
[White "Liszek, Krzysztof"]
[Black "Ozog, Leon"]
[Result "1-0"]
[WhiteElo "2053"]
[BlackElo "2116"]
[PlyCount "40"]
[EventDate "2002.08.30"]
[EventType "team-swiss"]
[EventRounds "11"]
[EventCountry "POL"]
[SourceTitle "EXT 2019"]
[Source "ChessBase"]
[SourceDate "2018.10.10"]
[SourceVersion "1"]
[SourceVersionDate "2018.10.10"]
[SourceQuality "1"]

1. d4 d6 2. c4 f5 3. Nc3 Nf6 4. Bg5 g6 5. Bxf6 exf6 6. g3 c6 7. Bg2 Bh6 8. e3 Be6 9. d5 Bf7 10. Nge2 0-0 11. 0-0 c5 12. Qb3 Qe7 13. Nf4 Bxf4 14. exf4 Na6 15. Rfe1 Qd7 16. Qb5 Qc7 17. Re2 Rfe8 18. Rae1 Rxe2 19. Rxe2 Kf8 20. Qb3 Re8 1-0

[Event "POL-chT3"]
[Site "Poland"]
[Date "2002.??.??"]
[Round "?"]
[White "Ozog, Leon"]
[Black "Sapeta, Robert"]
[Result "1-0"]
[WhiteElo "2116"]
[BlackElo "2065"]
[PlyCount "45"]
[EventDate "2002.??.??"]
[EventType "team"]
[EventRounds "9"]
[EventCountry "POL"]
[SourceTitle "EXT 2006"]
[Source "ChessBase"]
[SourceDate "2005.11.24"]
[SourceVersion "1"]
[SourceVersionDate "2005.11.24"]
[SourceQuality "1"]

1. e4 c5 2. Nc3 Nc6 3. g3 g6 4. Bg2 Bg7 5. d3 d6 6. f4 e6 7. Nf3 Nge7 8. 0-0 0-0 9. Ne2 d5 10. c3 b6 11. e5 Ba6 12. g4 f6 13. exf6 Bxf6 14. Ng3 Qd6 15. Rf2 e5 16. f5 gxf5 17. gxf5 Kh8 18. Ng5 Bxg5 19. Bxg5 Rg8 20. Qd2 h6 21. Bxe7 Qxe7 22. Qxh6+ Qh7 23. Qxc6 1-0

[Event "POL-chT3"]
[Site "Poland"]
[Date "2002.??.??"]
[Round "?"]
[White "Ozog, Leon"]
[Black "Szopa, Janusz"]
[Result "1-0"]
[WhiteElo "2116"]
[BlackElo "2028"]
[PlyCount "111"]
[EventDate "2002.??.??"]
[EventType "team"]
[EventRounds "9"]
[EventCountry "POL"]
[SourceTitle "EXT 2006"]
[Source "ChessBase"]
[SourceDate "2005.11.24"]
[SourceVersion "1"]
[SourceVersionDate "2005.11.24"]
[SourceQuality "1"]

1. e4 e6 2. d4 d5 3. exd5 exd5 4. Nf3 Nc6 5. Bb5 Bd6 6. Nc3 Nge7 7. Bg5 Be6 8. 0-0 0-0 9. Re1 Re8 10. Ne5 Bxe5 11. dxe5 Qd7 12. Qd2 Ng6 13. h4 h6 14. h5 Ngxe5 15. Rxe5 hxg5 16. Rxg5 f6 17. Rg3 a6 18. Bxc6 bxc6 19. Qf4 Qd6 20. Ne2 Qxf4 21. Nxf4 Kf7 22. Rc3 Bd7 23. f3 Rab8 24. b3 Re5 25. Kf2 Be8 26. Rh1 Rb6 27. Nd3 Re7 28. Nc5 Re5 29. f4 Re7 30. h6 gxh6 31. Rg3 Bd7 32. Rxh6 Bf5 33. c3 a5 34. Rh5 Bg6 35. Rh4 Bf5 36. Re3 Rb5 37. Nd3 Re4 38. g4 Bg6 39. Rh8 d4 40. cxd4 Rxd4 41. f5 Bxf5 42. gxf5 Rxf5+ 43. Ke2 Kg7 44. Rhe8 Rh5 45. R8e7+ Kg6 46. Rg3+ Kh6 47. Ke3 Rd8 48. Reg7 Re8+ 49. Kf3 Rg5 50. R3xg5 fxg5 51. Rxc7 Re6 52. Ra7 Rf6+ 53. Kg4 Rd6 54. Ne5 Rd4+ 55. Kg3 Re4 56. Rxa5 1-0

[Event "POL-chT 58th 2nd League"]
[Site "Wisla"]
[Date "2002.??.??"]
[Round "?"]
[White "Roubo, Dariusz"]
[Black "Ozog, Leon"]
[Result "0-1"]
[WhiteElo "2014"]
[BlackElo "2116"]
[PlyCount "40"]
[EventDate "2002.08.30"]
[EventType "team-swiss"]
[EventRounds "11"]
[EventCountry "POL"]
[SourceTitle "EXT 2019"]
[Source "ChessBase"]
[SourceDate "2018.10.10"]
[SourceVersion "1"]
[SourceVersionDate "2018.10.10"]
[SourceQuality "1"]
[WhiteTeam "Bydgoszcz Emdek"]
[WhiteTeamCountry "POL"]

1. e4 d6 2. d4 Nf6 3. Nc3 c6 4. f4 Qa5 5. Bd3 e5 6. dxe5 dxe5 7. fxe5 Ng4 8. Nf3 Bc5 9. Rf1 Ne3 10. Bxe3 Bxe3 11. Qe2 Bh6 12. Nd2 b5 13. g4 Be6 14. h4 g6 15. Nb3 Qb6 16. g5 Bg7 17. 0-0-0 Nd7 18. Qg2 Nxe5 19. Qg3 Ng4 20. Nd5 cxd5 0-1

[Event "Bytom op"]
[Site "Bytom"]
[Date "1995.??.??"]
[Round "?"]
[White "Helis, Tadeusz"]
[Black "Ozog, Leon"]
[Result "1-0"]
[WhiteElo "2235"]
[BlackElo "2235"]
[PlyCount "112"]
[EventDate "1995.??.??"]
[EventType "swiss"]
[EventRounds "9"]
[EventCountry "POL"]
[SourceTitle "EXT 1997"]
[Source "ChessBase"]
[SourceDate "1996.11.15"]
[SourceVersion "1"]
[SourceVersionDate "1996.11.15"]
[SourceQuality "1"]

1. c4 g6 2. Nc3 Bg7 3. g3 d6 4. d4 Nd7 5. Bg2 e5 6. e3 Ne7 7. Nge2 0-0 8. 0-0 c6 9. b3 f5 10. dxe5 dxe5 11. Bb2 Nf6 12. Qc2 Qc7 13. Rad1 Be6 14. Rd2 Rad8 15. Rfd1 Nc8 16. Na4 Nd7 17. Qc3 Bf6 18. Ba3 Rfe8 19. Nc5 Nxc5 20. Bxc5 Rxd2 21. Rxd2 Rd8 22. Kf1 Rxd2 23. Qxd2 Qd7 24. Ke1 Qxd2+ 25. Kxd2 Kf7 26. Nc1 b6 27. Bb4 e4 28. Ne2 g5 29. f3 exf3 30. Bxf3 c5 31. Bc3 Nd6 32. a4 Bxc3+ 33. Nxc3 Kf6 34. a5 Ke5 35. Na4 b5 36. cxb5 Nxb5 37. Nxc5 Bd5 38. Nd7+ Kd6 39. Bxd5 Kxd7 40. Kd3 Kd6 41. Bg8 h6 42. b4 Kc6 43. Bc4 Na3 44. Kc3 Nb1+ 45. Kd4 Nd2 46. b5+ Kc7 47. Be2 Kd6 48. a6 Nb3+ 49. Kc4 Nd2+ 50. Kd3 Ne4 51. b6 Nc5+ 52. Kd2 Nxa6 53. bxa7 Nc7 54. Bf3 Ke5 55. a8Q Nxa8 56. Bxa8 f4 1-0

[Event "Bytom op"]
[Site "Bytom"]
[Date "1995.??.??"]
[Round "?"]
[White "Morkisz, Bogdan"]
[Black "Ozog, Leon"]
[Result "1-0"]
[WhiteElo "2200"]
[BlackElo "2235"]
[PlyCount "59"]
[EventDate "1995.??.??"]
[EventType "swiss"]
[EventRounds "9"]
[EventCountry "POL"]
[SourceTitle "EXT 1997"]
[Source "ChessBase"]
[SourceDate "1996.11.15"]
[SourceVersion "1"]
[SourceVersionDate "1996.11.15"]
[SourceQuality "1"]

1. e4 c5 2. Nc3 g6 3. g3 Bg7 4. Bg2 Nc6 5. d3 e6 6. Be3 d6 7. Qd2 Bd7 8. Nh3 Qa5 9. 0-0 Nge7 10. Bh6 Bd4 11. a3 Rc8 12. Kh1 f5 13. f4 Ng8 14. Bg5 h6 15. Bh4 Nf6 16. Ng1 Ng4 17. Rae1 Kf7 18. Nf3 Bf6 19. Bxf6 Nxf6 20. h3 Nh5 21. Kh2 Nd4 22. Qf2 Qb6 23. Nd1 g5 24. fxg5 Nxf3+ 25. Qxf3 hxg5 26. exf5 exf5 27. Qd5+ Kg6 28. Re7 Rcd8 29. Rxd7 Rxd7 30. Qxf5+ 1-0